Normas para la determinación de tarifas en las empresas eléctricas

Na minha lista:
Detalhes bibliográficos
Autor principal: Montealegre Mendiola, Rodrigo
Formato: Desconhecido
Publicado em: [San José, Costa Rica] 1961
Assuntos:
Tags: Adicionar Tag
Sem tags, seja o primeiro a adicionar uma tag!

MARC

LEADER 00000 a2200000 4500
003 011153
005 20230425153040.0
008 140114s1961 cr a m 000 ||s d
040 |c cru CEDI 
100 |a Montealegre Mendiola, Rodrigo  |9 17478 
245 |a Normas para la determinación de tarifas en las empresas eléctricas 
260 |a [San José, Costa Rica]  |c 1961 
300 |a  213 hojas, gráficos, cuadros (1 plegables) ; 28 cm.  
500 |a  Tesis (Ingeniero Civil) Universidad de Costa Rica.  
650 |x EMPRESAS ELECTRICAS - TARIFAS   |x DISTRIBUCION DE ENERGIA ELECTRICA  |9 659 
942 |c CEDI  |h TFG 186  |6 TFG_186_000000000000000 
999 |c 12084  |d 12084